Les 1er ministres de la Ve République. - Statistiques

Statistiques générales
  • Ce quiz a été pris 966 fois
  • Le résultat moyen est 15 sur 23
Statistiques - réponses
Date Président 1er ministre % Correct
1974-1976 Valéry Giscard d'Estaing Jacques Chirac
91%
1986-1988 François Mitterrand Jacques Chirac
91%
2017 Emmanuel Macron Edouard Philippe
89%
2014-2016 François Hollande Manuel Valls
88%
1962-1968 Charles de Gaulle Georges Pompidou
85%
2007-2012 Nicolas Sarkozy François Fillon
83%
1997-2002 Jacques Chirac Lionel Jospin
82%
1991-1992 François Mitterrand Edith Cresson
73%
2005-2007 Jacques Chirac Dominique de Villepin
70%
2016-2017 François Hollande Bernard Cazeneuve
67%
1993-1995 François Mitterrand Edouard Balladur
66%
1959-1962 Charles de Gaulle Michel Debré
66%
1995-1997 Jacques Chirac Alain Juppé
63%
2012-2014 François Hollande Jean-Marc Ayrault
63%
1969-1972 Georges Pompidou Jacques Chaban-Delmas
57%
2002-2005 Jacques Chirac Jean-Pierre Raffarin
57%
1992-1993 François Mitterrand Pierre Bérégovoy
57%
1984-1986 François Mitterrand Laurent Fabius
55%
1988-1991 François Mitterrand Michel Rocard
55%
1981-1984 François Mitterrand Pierre Mauroy
52%
1976-1981 Valéry Giscard d'Estaing Raymond Barre
50%
1968-1969 Charles de Gaulle Maurice Couve de Murville
40%
1972-1974 Georges Pompidou Pierre Messmer
39%
Aucun quiz correspondant
Distribution des résultats
% des personnes avec chaque résultat
Percentile par nombre de réponses
Votre historique - résultats
Vous n’avez pas pris ce quiz